Exploring marketing research

Αποθηκεύτηκε σε:
Λεπτομέρειες βιβλιογραφικής εγγραφής
Κύριος συγγραφέας: Zikmund, William G.
Μορφή: Βιβλίο
Γλώσσα:English
Δημοσίευση: Australia : Thomson, South-Western, c2003
Θέματα:
Ετικέτες: Προσθήκη ετικέτας
Δεν υπάρχουν, Καταχωρήστε ετικέτα πρώτοι!

MARC

LEADER 00000cam a2200000 i 4500
001 1/56584
008 040602s2003 eng d
020 |a 0-324-18148-5 (hbk.) 
035 |l 10073627 
040 |a GR-MY-UA  |b gre  |e aacr 
041 0 |a eng 
082 0 |a 658.83 
100 1 |a Zikmund, William G. 
245 1 0 |a Exploring marketing research /  |c William G. Zikmund 
260 |a Australia :   |b Thomson,   |b South-Western,   |c c2003 
300 |a xxi, 744 σ.;  |b εικ., σχ.;  |c 28 εκ. 
504 |a Περιλαμβάνει βιβλιογραφικές αναφορές και ευρετήριο 
650 0 0 |a Markerting research. 
852 |a INST  |b CHIOS  |e 20040602  |h 658.83 ZIK  |p 005200023176  |q 005200023176  |t BK  |y 0 
901 |a BIBL2-2003-3 
909 |a Χ  |b 108920 
970 |a ΣΑΛΑΜΟΥΡΑ  |b ΜΑΡΙΑ  |z 2003/12/09